000 01062nam0a22002651 4500
001 rc\965168
005 20260407090129.0
035 _a(NLR Aleph) 006134517
090 _a5596697
_c5596697
100 _a20041129d1982 u y0rusy50 ca
101 0 _arus
102 _aRU
105 _aa |||||||||
200 1 _aЭкология паразитических организмов в биогеоценозах Севера
_e[Сб. статей]
_fКарел. фил. АН СССР, Ин-т биологии
_g[Отв. ред. С.С. Шульман]
210 _aПетрозаводск
_cКарел. фил. АН СССР
_d1982
215 _a169 с.
_cил.
_d20
320 _aБиблиогр. в конце статей
702 1 _aШульман
_bС. С.
_f1918-1997
_gСоломон Самуилович
_4340
712 0 2 _4570
_aИнститут биологии
_cПетрозаводск
_3RU\NLR\AUTH\8813791
_9300654
801 0 _aRU
_bNLR
_gpsbo
801 1 _aRU
_bELAR
_2rusmarc
852 _aNLR
_j82-3/9194
942 _cBOOK
980 _aNB